Statistics for Countries that Start with K

Click here to take the quiz!

General Stats

  • This quiz has been taken 157,407 times
    (157,384 since last reset)
  • The average score is 4 of 6

Answer Stats

Country % Correct
Kazakhstan
91%
Kyrgyzstan
75%
Kenya
75%
Kuwait
67%
Kiribati
67%
Kosovo
62%

Score Distribution

Percentile by Number Answered

Percent of People with Each Score

Your Score History

You have not taken this quiz since the last reset